000
00275nam a2200133Ia 4500
100
_a
Boggs/Wendy/ Boggs/michael
942
_c
BK
654
_a
uml
245
_a
Mastering UML with Rational Rose
260
_b
BPB
_c
1999
300
_a
957
546
_a
ENGLISH
999
_c
29344
_d
29344